చిత్తూరు జిల్లా మండలాల పటం పరీక్ష - Statistics

General Stats
  • This quiz has been taken 4 times
  • The average score is 12 of 31
Answers on the Map
Answers color-coded by a green-red scale on the quiz's map according to % correct below.
 
Answer Stats
Answer % Correct
కుప్పం
100%
రామకుప్పం
100%
పెద్దపంజాణి
100%
చిత్తూరు
100%
గుడిపల్లె
50%
శాంతిపురం
50%
వెంకటగిరి కోట
50%
బైరెడ్డిపల్లె
50%
పలమనేరు
50%
గంగవరం
50%
పుంగనూరు
50%
చౌడేపల్లె
50%
సదుం
50%
పులిచెర్ల
50%
రొంపిచర్ల
50%
ఐరాల
50%
తవణంపల్లె
50%
బంగారుపాలెం
50%
యాదమరి
50%
పెనుమూరు
50%
సోమల
0%
గుడిపాల
0%
పూతలపట్టు
0%
గంగాధర నెల్లూరు
0%
పాలసముద్రం
0%
శ్రీరంగరాజపురం
0%
వెదురుకుప్పం
0%
కార్వేటినగరం
0%
నగరి
0%
నిండ్ర
0%
విజయపురం
0%
No matching quizzes found
Score Distribution
Percent of People with Each Score
Percentile by Number Answered
Your Score History
You have not taken this quiz